Name the top 20 best football country teams in the world 2024 - Statistics

General Stats
  • This quiz has been taken 100 times
  • The average score is 16 of 20
Answer Stats
Hint Answer % Correct
5 Brazil
99%
16 Germany
98%
1 Argentina
96%
2 France
96%
8 Spain
93%
3 England
92%
9 Italy
92%
7 Portugal
92%
4 Belgium
90%
6 Netherlands
88%
12 United States
84%
15 Mexico
80%
17 Japan
78%
10 Croatia
75%
14 Colombia
72%
19 Denmark
72%
11 Uruguay
72%
13 Morocco
64%
20 Senegal
43%
18 Switzerland
41%
No matching quizzes found
Score Distribution
Percent of People with Each Score
Percentile by Number Answered
Your Score History
You have not taken this quiz